British town maps (Record no. 115952)
[ view plain ]
| 000 -LEADER | |
|---|---|
| fixed length control field | 01112cam a22002175a 4500 |
| 001 - CONTROL NUMBER | |
| control field | L159493 |
| 008 - FIXED-LENGTH DATA ELEMENTS--GENERAL INFORMATION | |
| fixed length control field | 170801s2015 xxk f 000 0 eng d |
| 020 ## - INTERNATIONAL STANDARD BOOK NUMBER | |
| International Standard Book Number | 9780712357296 |
| 035 ## - SYSTEM CONTROL NUMBER | |
| System control number | (Sirsi) u159493 |
| 041 0# - LANGUAGE CODE | |
| Language code of text/sound track or separate title | eng |
| 050 04 - LIBRARY OF CONGRESS CALL NUMBER | |
| Classification number | 526.09 $2 18 |
| 100 1# - MAIN ENTRY--PERSONAL NAME | |
| Personal name | Kain, Roger J. P. |
| 245 00 - TITLE STATEMENT | |
| Title | British town maps |
| Remainder of title | a history |
| 260 ## - PUBLICATION, DISTRIBUTION, ETC. | |
| Place of publication, distribution, etc. | London |
| Name of publisher, distributor, etc. | British Library |
| Date of publication, distribution, etc. | 2015 |
| 300 ## - PHYSICAL DESCRIPTION | |
| Extent | 256p. |
| Other physical details | ill |
| -- | maps |
| Dimensions | 29cm. |
| 520 ## - SUMMARY, ETC. | |
| Summary, etc. | Lavishly illustrated in colour, it tells the story of the mapping of urban Britain from the late middle ages until modern times. The text is accompanied by a comprehensive index of town maps which have been catalogued on an open-access electronic resource (http://townmaps.data.history.ac.uk/). Some of the maps in this book are well known, others have languished in obscurity, deep in archives, until revealed by the ten years' work of a British Academy research project on which this book is founded. |
| 651 #4 - SUBJECT ADDED ENTRY--GEOGRAPHIC NAME | |
| Geographic name | Great Britain |
| Chronological subdivision | 1707- |
| 690 ## - LOCAL SUBJECT ADDED ENTRY--TOPICAL TERM (OCLC, RLIN) | |
| Topical term or geographic name as entry element | ENVIRONMENTAL AND LAND CONSULTANCY-GEOMATICS-MAPPING AND POSITIONING-CARTOGRAPHY |
| 700 1# - ADDED ENTRY--PERSONAL NAME | |
| Personal name | Oliver, Richard R. |
| 942 ## - ADDED ENTRY ELEMENTS (KOHA) | |
| Suppress in OPAC | 0 |
| Withdrawn status | Lost status | Source of classification or shelving scheme | Damaged status | Not for loan | Home library | Current library | Shelving location | Date acquired | Total Checkouts | Full call number | Barcode | Date last seen | Copy number | Price effective from | Koha item type |
|---|---|---|---|---|---|---|---|---|---|---|---|---|---|---|---|
| Dewey Decimal Classification | London | London | Folio | 01/08/2017 | F526.09 KAI | 30078493 | 26/04/2024 | 1 | 06/08/2019 | Book |